[Event "ODJM C 2025"]
[Site "Willingen GER"]
[Date "2025.06.10"]
[Round "4"]
[White "Steppat, Tristan"]
[Black "Stepanjan, Gurgen"]
[Result "0-1"]
[Termination "normal"]
[Board "33"]
[WhiteElo "1004"]
[BlackElo "751"]
[WhiteClock "00:58:34"]
[BlackClock "01:26:24"]
[PlyCount "108"]
[WhiteFideId "533004811"]
[BlackFideId "34655280"]
[EventCountry "GER"]
[EventRounds "9"]
[EventType "swiss"]
[EventDate "2025.06.07"]

1. e4 {[%clk 01:30:37]} {[%emt 00:00:07]} e5 {[%clk 01:30:58]} {[%emt
00:00:16]} 2. Nf3 {[%emt 00:00:33]} Nc6 {[%emt 00:00:08]} 3. Bc4 {[%clk
01:30:17]} {[%emt 00:00:09]} Nf6 {[%clk 01:31:19]} {[%emt 00:00:10]} 4. Ng5
{[%emt 00:00:20]} d5 {[%clk 01:31:39]} {[%emt 00:00:02]} 5. exd5 {[%emt
00:00:07]} Na5 {[%emt 00:00:14]} 6. Bb5+ {[%clk 01:30:31]} {[%emt 00:00:13]} c6
{[%clk 01:31:33]} {[%emt 00:00:36]} 7. dxc6 {[%clk 01:30:26]} {[%emt 00:00:07]}
bxc6 {[%clk 01:31:58]} {[%emt 00:00:33]} 8. Qf3 {[%clk 01:29:03]} {[%emt
00:01:53]} Bd7 {[%clk 01:31:54]} {[%emt 00:00:35]} 9. Be2 {[%emt 00:00:20]} Bg4
{[%emt 00:00:38]} 10. Qe3 {[%clk 01:27:36]} {[%emt 00:00:18]} Bd6 {[%clk
01:32:17]} {[%emt 00:00:45]} 11. Bxg4 {[%emt 00:00:12]} Nxg4 {[%emt 00:00:17]}
12. Qf3 {[%clk 01:27:32]} {[%emt 00:00:07]} Qxg5 {[%clk 01:31:19]} {[%emt
00:01:28]} 13. O-O {[%clk 01:27:44]} {[%emt 00:00:15]} O-O {[%clk 01:30:53]}
{[%emt 00:00:59]} 14. d3 {[%clk 01:27:32]} {[%emt 00:00:12]} Qh5 {[%clk
01:30:53]} {[%emt 00:00:59]} 15. h3 {[%clk 01:27:53]} {[%emt 00:00:07]} Nf6
{[%clk 01:30:56]} {[%emt 00:00:30]} 16. Qe3 {[%clk 01:26:59]} {[%emt 00:00:34]}
e4 {[%clk 01:29:53]} {[%emt 00:02:23]} 17. dxe4 {[%clk 01:27:09]} {[%emt
00:00:20]} Qe5 {[%clk 01:29:58]} {[%emt 00:00:24]} 18. g3 {[%clk 01:27:12]}
{[%emt 00:00:28]} Qh5 {[%clk 01:30:05]} {[%emt 00:00:22]} 19. Kg2 {[%clk
01:27:23]} {[%emt 00:00:20]} Rfe8 {[%clk 01:26:08]} {[%emt 00:04:27]} 20. Nc3
{[%clk 01:27:39]} {[%emt 00:00:14]} Bb4 {[%clk 01:24:48]} {[%emt 00:01:50]} 21.
Bd2 {[%clk 01:27:43]} {[%emt 00:00:26]} Bxc3 {[%clk 01:24:46]} {[%emt
00:00:32]} 22. Bxc3 {[%clk 01:28:03]} {[%emt 00:00:10]} Rxe4 {[%clk 01:24:57]}
{[%emt 00:00:19]} 23. Qc5 {[%clk 01:28:12]} {[%emt 00:00:19]} Qxc5 {[%clk
01:25:06]} {[%emt 00:00:23]} 24. Rfd1 {[%clk 01:28:27]} {[%emt 00:00:15]} h6
{[%clk 01:25:20]} {[%emt 00:00:16]} 25. Rd2 {[%clk 01:28:36]} {[%emt 00:00:18]}
Nc4 {[%clk 01:25:09]} {[%emt 00:00:44]} 26. Rd3 {[%clk 01:28:24]} {[%emt
00:00:42]} Ne3+ {[%clk 01:25:14]} {[%emt 00:00:25]} 27. fxe3 {[%clk 01:28:34]}
{[%emt 00:00:19]} Rxe3 {[%clk 01:25:24]} {[%emt 00:00:21]} 28. Rd2 {[%clk
01:28:49]} {[%emt 00:00:15]} Ne4 {[%clk 01:25:16]} {[%emt 00:00:38]} 29. Bd4
{[%clk 01:28:53]} {[%emt 00:00:26]} Re2+ {[%clk 01:25:12]} {[%emt 00:00:34]}
30. Rxe2 {[%clk 01:29:09]} {[%emt 00:00:14]} Qxd4 {[%clk 01:25:30]} {[%emt
00:00:13]} 31. Rae1 {[%clk 01:29:29]} {[%emt 00:00:08]} Nf6 {[%clk 01:25:42]}
{[%emt 00:00:18]} 32. c3 {[%clk 01:29:41]} {[%emt 00:00:19]} Qd5+ {[%clk
01:25:18]} {[%emt 00:00:54]} 33. Kh2 {[%clk 01:29:57]} {[%emt 00:00:13]} Rb8
{[%emt 00:00:19]} 34. a3 {[%clk 01:25:27]} {[%emt 00:04:58]} Rb5 {[%clk
01:25:17]} {[%emt 00:00:45]} 35. Rc1 {[%clk 01:25:38]} {[%emt 00:00:19]} Qh5
{[%clk 01:25:03]} {[%emt 00:00:44]} 36. Rd2 {[%clk 01:25:45]} {[%emt 00:00:22]}
Rf5 {[%clk 01:24:35]} {[%emt 00:00:59]} 37. Rcd1 {[%clk 01:25:59]} {[%emt
00:00:16]} Qf3 {[%clk 01:24:26]} {[%emt 00:00:39]} 38. Rd8+ {[%clk 01:26:15]}
{[%emt 00:00:13]} Kh7 {[%clk 01:24:40]} {[%emt 00:00:17]} 39. Kg1 {[%clk
01:19:08]} {[%emt 00:07:36]} Qxg3+ {[%clk 01:24:49]} {[%emt 00:00:22]} 40. Kh1
{[%emt 00:00:30]} Rg5 {[%emt 00:01:09]} 41. R8d2 {[%clk 01:17:29]} {[%emt
00:00:30]} Qxh3+ {[%clk 01:24:54]} {[%emt 00:00:26]} 42. Rh2 {[%clk 01:17:50]}
{[%emt 00:00:07]} Qf3+ {[%clk 01:25:15]} {[%emt 00:00:10]} 43. Rg2 {[%clk
01:14:08]} {[%emt 00:04:12]} Qxd1+ {[%clk 01:25:25]} {[%emt 00:00:20]} 44. Kh2
{[%clk 01:13:00]} {[%emt 00:01:37]} Ng4+ {[%clk 01:25:42]} {[%emt 00:00:14]}
45. Kg3 {[%emt 00:03:33]} Nf6+ {[%emt 00:00:56]} 46. Kh2 {[%clk 01:08:41]}
{[%emt 00:00:20]} Rxg2+ {[%clk 01:25:46]} {[%emt 00:00:27]} 47. Kxg2 {[%emt
00:03:16]} Qe2+ {[%emt 00:00:15]} 48. Kg3 {[%clk 01:05:28]} {[%emt 00:00:11]}
Ne4+ {[%clk 01:26:09]} {[%emt 00:00:08]} 49. Kf4 {[%emt 00:01:56]} Nd6 {[%emt
00:00:15]} 50. a4 {[%clk 01:03:19]} {[%emt 00:00:28]} Qe4+ {[%clk 01:26:24]}
{[%emt 00:00:15]} 51. Kg3 {[%emt 00:02:04]} Qf5 {[%emt 00:00:16]} 52. b4 {[%emt
00:00:43]} Ne4+ {[%emt 00:00:09]} 53. Kg2 {[%emt 00:00:17]} Qf2+ {[%emt
00:00:10]} 54. Kh1 {[%clk 00:58:34]} {[%emt 00:00:35]} Ng3# {[%clk 01:26:24]}
0-1

[Event "ODJM C 2025"]
[Site "Willingen GER"]
[Date "2025.06.10"]
[Round "4"]
[White "Neumann, Viktoria"]
[Black "Hasekamp, Jonas"]
[Result "1-0"]
[Termination "normal"]
[Board "34"]
[WhiteElo "972"]
[BlackElo "812"]
[WhiteClock "01:29:14"]
[BlackClock "01:25:15"]
[PlyCount "29"]
[WhiteFideId "34697292"]
[BlackFideId "34685944"]
[EventCountry "GER"]
[EventRounds "9"]
[EventType "swiss"]
[EventDate "2025.06.07"]

1. e4 {[%clk 01:30:56]} {[%emt 00:00:03]} c5 {[%clk 01:30:54]} {[%emt
00:00:06]} 2. Nf3 {[%clk 01:31:15]} {[%emt 00:00:10]} Nc6 {[%clk 01:31:08]}
{[%emt 00:00:17]} 3. Bb5 {[%clk 01:31:13]} {[%emt 00:00:32]} Nd4 {[%clk
01:30:36]} {[%emt 00:00:52]} 4. Nxd4 {[%clk 01:30:29]} {[%emt 00:01:22]} cxd4
{[%clk 01:30:41]} {[%emt 00:00:26]} 5. c3 {[%clk 01:29:52]} {[%emt 00:01:07]}
a6 {[%clk 01:30:59]} {[%emt 00:00:13]} 6. Ba4 {[%clk 01:29:57]} {[%emt
00:00:24]} dxc3 {[%clk 01:31:12]} {[%emt 00:00:17]} 7. Nxc3 {[%clk 01:29:54]}
{[%emt 00:00:33]} e5 {[%clk 01:31:06]} {[%emt 00:00:17]} 8. d4 {[%clk
01:29:37]} {[%emt 00:01:05]} f6 {[%clk 01:30:18]} {[%emt 00:01:12]} 9. dxe5
{[%clk 01:29:34]} {[%emt 00:00:40]} fxe5 {[%clk 01:30:28]} {[%emt 00:00:13]}
10. Qh5+ {[%clk 01:29:48]} {[%emt 00:00:22]} g6 {[%clk 01:30:10]} {[%emt
00:00:38]} 11. Qxe5+ {[%clk 01:30:15]} {[%emt 00:00:13]} Ne7 {[%clk 01:29:54]}
{[%emt 00:00:39]} 12. Qxh8 {[%clk 01:30:33]} {[%emt 00:00:19]} g5 {[%clk
01:27:32]} {[%emt 00:02:45]} 13. Bxg5 {[%clk 01:30:30]} {[%emt 00:00:39]} Qb6
{[%clk 01:25:00]} {[%emt 00:01:26]} 14. Bh6 {[%clk 01:28:58]} {[%emt 00:03:39]}
Qxb2 {[%clk 01:25:15]} {[%emt 00:00:16]} 15. Qxf8# {[%clk 01:29:14]} {[%emt
00:00:13]} 1-0

[Event "ODJM C 2025"]
[Site "Willingen GER"]
[Date "2025.06.10"]
[Round "4"]
[White "Ziem, Aurelie"]
[Black "Ruddat, Merja"]
[Result "0-1"]
[Termination "normal"]
[Board "35"]
[WhiteElo "786"]
[BlackElo "999"]
[WhiteClock "00:58:49"]
[BlackClock "01:09:29"]
[PlyCount "104"]
[WhiteFideId "533022194"]
[BlackFideId "34660577"]
[EventCountry "GER"]
[EventRounds "9"]
[EventType "swiss"]
[EventDate "2025.06.07"]

1. e4 {[%clk 01:30:57]} {[%emt 00:00:04]} e5 {[%clk 01:30:54]} {[%emt
00:00:07]} 2. Nf3 {[%clk 01:31:13]} {[%emt 00:00:11]} Nc6 {[%clk 01:31:18]}
{[%emt 00:00:06]} 3. Bc4 {[%clk 01:31:31]} {[%emt 00:00:12]} Bc5 {[%clk
01:31:34]} {[%emt 00:00:15]} 4. d3 {[%clk 01:31:27]} {[%emt 00:00:33]} h6
{[%clk 01:31:43]} {[%emt 00:00:21]} 5. Nc3 {[%clk 01:31:37]} {[%emt 00:00:20]}
Nf6 {[%clk 01:31:02]} {[%emt 00:01:11]} 6. O-O {[%clk 01:30:58]} {[%emt
00:01:09]} d6 {[%clk 01:31:24]} {[%emt 00:00:08]} 7. h3 {[%clk 01:31:19]}
{[%emt 00:00:09]} Be6 {[%clk 01:31:45]} {[%emt 00:00:09]} 8. Bb3 {[%clk
01:31:13]} {[%emt 00:00:35]} O-O {[%clk 01:31:23]} {[%emt 00:00:52]} 9. Be3
{[%clk 01:30:14]} {[%emt 00:01:28]} Bb6 {[%clk 01:31:27]} {[%emt 00:00:27]} 10.
Bd5 {[%clk 01:29:02]} {[%emt 00:01:41]} Qe7 {[%clk 01:30:05]} {[%emt 00:01:53]}
11. Qd2 {[%clk 01:26:37]} {[%emt 00:02:53]} Rab8 {[%clk 01:27:51]} {[%emt
00:02:46]} 12. Bxh6 {[%clk 01:25:30]} {[%emt 00:01:36]} gxh6 {[%clk 01:25:11]}
{[%emt 00:03:11]} 13. Qxh6 {[%clk 01:25:06]} {[%emt 00:00:54]} Nh7 {[%clk
01:25:13]} {[%emt 00:00:28]} 14. Nh4 {[%clk 01:24:03]} {[%emt 00:01:31]} Qg5
{[%clk 01:21:17]} {[%emt 00:04:27]} 15. Qxg5+ {[%clk 01:20:34]} {[%emt
00:03:59]} Nxg5 {[%clk 01:21:21]} {[%emt 00:00:28]} 16. Bxe6 {[%clk 01:19:30]}
{[%emt 00:01:31]} Nxe6 {[%clk 01:20:34]} {[%emt 00:01:19]} 17. Na4 {[%clk
01:17:04]} {[%emt 00:02:56]} Nf4 {[%clk 01:15:55]} {[%emt 00:05:09]} 18. Nxb6
{[%clk 01:15:42]} {[%emt 00:01:52]} axb6 {[%clk 01:15:54]} {[%emt 00:00:32]}
19. Rae1 {[%clk 01:15:54]} {[%emt 00:00:16]} Kh8 {[%clk 01:14:43]} {[%emt
00:01:42]} 20. Re3 {[%clk 01:14:32]} {[%emt 00:01:51]} Rg8 {[%clk 01:13:05]}
{[%emt 00:02:09]} 21. Rg3 {[%clk 01:12:29]} {[%emt 00:02:33]} Ne2+ {[%clk
01:12:56]} {[%emt 00:00:39]} 22. Kh2 {[%clk 01:10:23]} {[%emt 00:02:35]} Nxg3
{[%clk 01:13:18]} {[%emt 00:00:10]} 23. fxg3 {[%clk 01:10:37]} {[%emt
00:00:16]} Rg7 {[%clk 01:12:01]} {[%emt 00:01:48]} 24. Rf5 {[%clk 01:10:13]}
{[%emt 00:00:48]} Nd4 {[%clk 01:11:47]} {[%emt 00:00:49]} 25. Rh5+ {[%clk
01:09:37]} {[%emt 00:01:06]} Rh7 {[%clk 01:10:35]} {[%emt 00:01:42]} 26. Rg5
{[%clk 01:08:53]} {[%emt 00:01:09]} Rg8 {[%clk 01:09:12]} {[%emt 00:01:59]} 27.
Rxg8+ {[%clk 01:06:49]} {[%emt 00:02:32]} Kxg8 {[%clk 01:09:28]} {[%emt
00:00:15]} 28. c3 {[%clk 01:06:37]} {[%emt 00:00:42]} Ne2 {[%clk 01:09:24]}
{[%emt 00:00:35]} 29. Nf5 {[%clk 01:06:30]} {[%emt 00:00:35]} Nc1 {[%clk
01:09:23]} {[%emt 00:00:33]} 30. Ne7+ {[%clk 01:05:57]} {[%emt 00:01:02]} Kg7
{[%clk 01:09:16]} {[%emt 00:00:37]} 31. Nf5+ {[%clk 01:05:14]} {[%emt
00:01:13]} Kf6 {[%clk 01:09:20]} {[%emt 00:00:27]} 32. g4 {[%clk 01:04:45]}
{[%emt 00:00:58]} Nxd3 {[%clk 01:09:26]} {[%emt 00:00:24]} 33. h4 {[%clk
01:04:26]} {[%emt 00:00:47]} Ke6 {[%clk 01:09:17]} {[%emt 00:00:41]} 34. g5
{[%clk 01:03:36]} {[%emt 00:01:20]} d5 {[%clk 01:09:15]} {[%emt 00:00:33]} 35.
exd5+ {[%clk 01:02:44]} {[%emt 00:01:20]} Kxf5 {[%clk 01:09:26]} {[%emt
00:00:20]} 36. g3 {[%clk 01:02:16]} {[%emt 00:00:57]} Nxb2 {[%clk 01:09:50]}
{[%emt 00:00:08]} 37. Kg2 {[%clk 01:01:27]} {[%emt 00:01:18]} Ke4 {[%clk
01:10:00]} {[%emt 00:00:21]} 38. Kf2 {[%clk 01:00:40]} {[%emt 00:01:16]} Kxd5
{[%clk 01:10:21]} {[%emt 00:00:10]} 39. Ke3 {[%clk 01:00:40]} {[%emt 00:00:28]}
e4 {[%clk 01:10:39]} {[%emt 00:00:14]} 40. Kd2 {[%clk 01:00:41]} {[%emt
00:00:26]} Kc4 {[%clk 01:10:47]} {[%emt 00:00:26]} 41. Kc2 {[%clk 01:00:47]}
{[%emt 00:00:23]} Na4 {[%clk 01:11:08]} {[%emt 00:00:10]} 42. a3 {[%clk
01:00:57]} {[%emt 00:00:19]} Nxc3 {[%clk 01:11:32]} {[%emt 00:00:07]} 43. Kb2
{[%clk 01:00:39]} {[%emt 00:00:45]} e3 {[%clk 01:11:55]} {[%emt 00:00:09]} 44.
Kc2 {[%clk 01:00:27]} {[%emt 00:00:41]} e2 {[%clk 01:12:15]} {[%emt 00:00:11]}
45. Kd2 {[%clk 01:00:46]} {[%emt 00:00:09]} Rh8 {[%clk 01:12:41]} {[%emt
00:00:06]} 46. a4 {[%clk 01:00:37]} {[%emt 00:00:38]} Re8 {[%clk 01:07:30]}
{[%emt 00:05:43]} 47. Ke1 {[%clk 01:00:34]} {[%emt 00:00:32]} Nxa4 {[%clk
01:07:50]} {[%emt 00:00:10]} 48. h5 {[%clk 00:59:42]} {[%emt 00:01:19]} b5
{[%clk 01:08:04]} {[%emt 00:00:20]} 49. g4 {[%clk 00:59:36]} {[%emt 00:00:35]}
b4 {[%clk 01:08:28]} {[%emt 00:00:06]} 50. g6 {[%clk 00:58:44]} {[%emt
00:01:20]} fxg6 {[%clk 01:08:46]} {[%emt 00:00:14]} 51. hxg6 {[%clk 00:58:50]}
{[%emt 00:00:23]} b3 {[%clk 01:09:07]} {[%emt 00:00:10]} 52. Kd2 {[%clk
00:58:49]} {[%emt 00:00:27]} e1=Q# {[%clk 01:09:29]} {[%emt 00:00:11]} 0-1

[Event "ODJM C 2025"]
[Site "Willingen GER"]
[Date "2025.06.10"]
[Round "4"]
[White "Nyncke, Kilian"]
[Black "Lohmüller, Leona"]
[Result "0-1"]
[Termination "normal"]
[Board "36"]
[WhiteElo "768"]
[BlackElo "956"]
[WhiteClock "01:33:02"]
[BlackClock "00:39:08"]
[PlyCount "58"]
[WhiteFideId "533018057"]
[BlackFideId "533025517"]
[EventCountry "GER"]
[EventRounds "9"]
[EventType "swiss"]
[EventDate "2025.06.07"]

1. d4 {[%clk 01:30:59]} d5 {[%clk 01:30:52]} {[%emt 00:00:10]} 2. Bf4 {[%clk
01:31:20]} {[%emt 00:00:08]} Bf5 {[%clk 01:30:18]} {[%emt 00:01:03]} 3. e3
{[%clk 01:31:41]} {[%emt 00:00:08]} Nf6 {[%clk 01:24:29]} {[%emt 00:06:19]} 4.
Na3 {[%clk 01:31:14]} {[%emt 00:00:58]} e6 {[%clk 01:22:35]} {[%emt 00:02:24]}
5. c4 {[%clk 01:31:34]} {[%emt 00:00:11]} c6 {[%clk 01:20:52]} {[%emt
00:02:12]} 6. Be2 {[%clk 01:31:44]} {[%emt 00:00:20]} Bb4+ {[%clk 01:17:42]}
{[%emt 00:03:41]} 7. Kf1 {[%clk 01:31:30]} {[%emt 00:00:43]} Ne4 {[%clk
01:10:39]} {[%emt 00:07:33]} 8. Bf3 {[%clk 01:31:23]} {[%emt 00:00:36]} Nd2+
{[%clk 01:09:12]} {[%emt 00:01:58]} 9. Ke2 {[%clk 01:30:48]} {[%emt 00:01:05]}
Nxf3 {[%clk 01:08:38]} {[%emt 00:01:04]} 10. Kxf3 {[%clk 01:31:05]} {[%emt
00:00:12]} Be4+ {[%clk 01:07:27]} {[%emt 00:01:41]} 11. Ke2 {[%clk 01:31:17]}
{[%emt 00:00:19]} Bxg2 {[%clk 01:04:50]} {[%emt 00:03:07]} 12. Nf3 {[%clk
01:31:00]} {[%emt 00:00:47]} Bxh1 {[%clk 00:59:46]} {[%emt 00:05:34]} 13. Qxh1
{[%clk 01:31:17]} {[%emt 00:00:13]} Bxa3 {[%clk 00:56:21]} {[%emt 00:03:55]}
14. bxa3 {[%clk 01:31:36]} {[%emt 00:00:10]} dxc4 {[%clk 00:55:44]} {[%emt
00:01:08]} 15. Rc1 {[%emt 00:03:02]} Qa5 {[%clk 00:52:44]} {[%emt 00:01:00]}
16. Rxc4 {[%clk 01:31:29]} {[%emt 00:00:32]} Qxa3 {[%clk 00:51:24]} {[%emt
00:01:53]} 17. Rc2 {[%clk 01:31:49]} {[%emt 00:00:10]} Qa6+ {[%clk 00:51:03]}
{[%emt 00:00:50]} 18. Kd2 {[%clk 01:31:48]} {[%emt 00:00:31]} Qa5+ {[%clk
00:50:36]} {[%emt 00:00:58]} 19. Kc1 {[%clk 01:31:43]} {[%emt 00:00:35]} Na6
{[%clk 00:49:08]} {[%emt 00:01:58]} 20. Be5 {[%clk 01:31:38]} {[%emt 00:00:35]}
Nb4 {[%clk 00:48:18]} {[%emt 00:01:19]} 21. Ne1 {[%clk 01:31:54]} {[%emt
00:00:14]} Nxc2 {[%clk 00:47:45]} {[%emt 00:01:03]} 22. Nxc2 {[%clk 01:32:12]}
{[%emt 00:00:11]} Qxa2 {[%clk 00:47:32]} {[%emt 00:00:45]} 23. Kd2 {[%clk
01:32:02]} {[%emt 00:00:41]} Qa5+ {[%clk 00:46:58]} {[%emt 00:01:03]} 24. Kc1
{[%clk 01:32:18]} {[%emt 00:00:14]} Rc8 {[%clk 00:45:02]} {[%emt 00:02:27]} 25.
Bxg7 {[%clk 01:32:25]} {[%emt 00:00:21]} Rg8 {[%clk 00:45:10]} {[%emt
00:00:22]} 26. Bh6 {[%clk 01:32:49]} {[%emt 00:00:06]} c5 {[%clk 00:43:33]}
{[%emt 00:02:08]} 27. dxc5 {[%clk 01:33:07]} {[%emt 00:00:11]} Rxc5 {[%clk
00:41:22]} {[%emt 00:02:42]} 28. Kd1 {[%clk 01:32:44]} {[%emt 00:00:52]} Rd5+
{[%clk 00:39:43]} {[%emt 00:02:10]} 29. Kc1 {[%clk 01:33:02]} {[%emt 00:00:12]}
Qd2+ {[%clk 00:39:08]} {[%emt 00:01:04]} 0-1

[Event "ODJM C 2025"]
[Site "Willingen GER"]
[Date "2025.06.10"]
[Round "4"]
[White "Er, Cemile"]
[Black "Volkmann, Alexej"]
[Result "0-1"]
[Termination "normal"]
[Board "37"]
[WhiteElo "760"]
[BlackElo "834"]
[WhiteClock "00:56:01"]
[BlackClock "01:09:48"]
[PlyCount "104"]
[WhiteFideId "533001871"]
[BlackFideId "533006644"]
[EventCountry "GER"]
[EventRounds "9"]
[EventType "swiss"]
[EventDate "2025.06.07"]

1. e4 {[%clk 01:30:58]} e6 {[%clk 01:30:52]} {[%emt 00:00:08]} 2. Nc3 {[%clk
01:31:14]} {[%emt 00:00:15]} Nf6 {[%clk 01:31:00]} {[%emt 00:00:22]} 3. Bb5
{[%clk 01:31:04]} {[%emt 00:00:39]} a6 {[%clk 01:31:05]} {[%emt 00:00:25]} 4.
Ba4 {[%clk 01:31:27]} {[%emt 00:00:07]} Bc5 {[%clk 01:31:07]} {[%emt 00:00:28]}
5. h3 {[%clk 01:31:27]} {[%emt 00:00:30]} O-O {[%clk 01:31:17]} {[%emt
00:00:20]} 6. d3 {[%clk 01:31:43]} {[%emt 00:00:14]} d5 {[%clk 01:31:32]}
{[%emt 00:00:15]} 7. Bg5 {[%clk 01:31:24]} {[%emt 00:00:49]} h6 {[%clk
01:31:45]} {[%emt 00:00:17]} 8. Bh4 {[%clk 01:31:46]} {[%emt 00:00:07]} dxe4
{[%clk 01:31:51]} {[%emt 00:00:25]} 9. dxe4 {[%clk 01:32:00]} {[%emt 00:00:16]}
Qe7 {[%clk 01:31:53]} {[%emt 00:00:28]} 10. Nf3 {[%clk 01:31:46]} {[%emt
00:00:44]} Bd7 {[%clk 01:31:32]} {[%emt 00:00:51]} 11. Bb3 {[%clk 01:31:32]}
{[%emt 00:00:44]} e5 {[%clk 01:31:09]} {[%emt 00:00:53]} 12. Bg3 {[%clk
01:31:32]} {[%emt 00:00:29]} Nc6 {[%clk 01:31:08]} {[%emt 00:00:32]} 13. Qd2
{[%clk 01:31:39]} {[%emt 00:00:23]} Bb4 {[%clk 01:29:56]} {[%emt 00:01:41]} 14.
O-O-O {[%emt 00:01:14]} Nxe4 {[%emt 00:00:10]} 15. Qd3 {[%clk 01:29:37]} {[%emt
00:01:08]} Nc5 {[%clk 01:29:32]} {[%emt 00:00:55]} 16. Qc4 {[%clk 01:28:19]}
{[%emt 00:01:48]} Be6 {[%clk 01:29:23]} {[%emt 00:00:39]} 17. Qe2 {[%clk
01:26:37]} {[%emt 00:02:11]} Rad8 {[%clk 01:26:41]} {[%emt 00:03:13]} 18. Bh4
{[%clk 01:25:36]} {[%emt 00:01:30]} Qe8 {[%clk 01:26:36]} {[%emt 00:00:35]} 19.
Nh2 {[%clk 01:23:40]} {[%emt 00:02:26]} a5 {[%clk 01:25:43]} {[%emt 00:01:24]}
20. Bxd8 {[%clk 01:22:25]} {[%emt 00:01:45]} Nxd8 {[%clk 01:26:03]} {[%emt
00:00:10]} 21. Bd5 {[%clk 01:21:26]} {[%emt 00:01:29]} c6 {[%clk 01:25:59]}
{[%emt 00:00:34]} 22. Bf3 {[%clk 01:20:25]} {[%emt 00:01:30]} a4 {[%clk
01:26:07]} {[%emt 00:00:23]} 23. a3 {[%clk 01:19:48]} {[%emt 00:01:07]} Ba5
{[%clk 01:24:13]} {[%emt 00:02:23]} 24. Qe3 {[%clk 01:19:15]} {[%emt 00:01:03]}
b6 {[%clk 01:22:38]} {[%emt 00:02:05]} 25. Be2 {[%clk 01:19:20]} {[%emt
00:00:26]} Ndb7 {[%clk 01:22:22]} {[%emt 00:00:47]} 26. Qg3 {[%clk 01:19:06]}
{[%emt 00:00:43]} Qb8 {[%clk 01:19:57]} {[%emt 00:02:56]} 27. Bh5 {[%clk
01:17:30]} {[%emt 00:02:06]} b5 {[%clk 01:19:39]} {[%emt 00:00:48]} 28. Rhe1
{[%clk 01:16:37]} {[%emt 00:01:23]} Nd7 {[%clk 01:19:44]} {[%emt 00:00:25]} 29.
Re2 {[%clk 01:15:52]} {[%emt 00:01:15]} Bc4 {[%clk 01:19:27]} {[%emt 00:00:48]}
30. Re3 {[%clk 01:15:44]} {[%emt 00:00:38]} Bc7 {[%clk 01:19:24]} {[%emt
00:00:33]} 31. Ne4 {[%clk 01:15:32]} {[%emt 00:00:41]} Ndc5 {[%clk 01:16:33]}
{[%emt 00:03:21]} 32. Nf6+ {[%clk 01:15:12]} {[%emt 00:00:49]} Kh8 {[%clk
01:15:52]} {[%emt 00:01:11]} 33. Bg6 {[%clk 01:12:48]} {[%emt 00:02:54]} e4
{[%clk 01:15:48]} {[%emt 00:00:34]} 34. f4 {[%clk 01:11:10]} {[%emt 00:02:08]}
exf3 {[%clk 01:15:56]} {[%emt 00:00:22]} 35. Qh4 {[%clk 01:10:16]} {[%emt
00:01:23]} Bxh2 {[%clk 01:15:04]} {[%emt 00:01:24]} 36. Qh5 {[%clk 01:07:15]}
{[%emt 00:03:30]} fxg6 {[%clk 01:13:50]} {[%emt 00:01:44]} 37. Qxg6 {[%clk
01:06:53]} {[%emt 00:00:51]} Bg8 {[%clk 01:13:45]} {[%emt 00:00:36]} 38. Re7
{[%clk 01:06:30]} {[%emt 00:00:53]} Bf4+ {[%clk 01:13:13]} {[%emt 00:01:02]}
39. Kb1 {[%clk 01:06:42]} {[%emt 00:00:18]} Rf7 {[%clk 01:12:34]} {[%emt
00:01:08]} 40. Rxf7 {[%clk 01:05:44]} {[%emt 00:01:28]} Ne6 {[%clk 01:12:44]}
{[%emt 00:00:21]} 41. Re1 {[%clk 01:03:26]} {[%emt 00:02:48]} Nbd8 {[%clk
01:11:15]} {[%emt 00:01:59]} 42. Re7 {[%clk 01:03:01]} {[%emt 00:00:54]} Qd6
{[%clk 01:11:08]} {[%emt 00:00:33]} 43. Qf5 {[%clk 01:02:29]} {[%emt 00:01:08]}
Qxe7 {[%clk 01:10:44]} {[%emt 00:00:54]} 44. g4 {[%clk 00:57:01]} {[%emt
00:05:57]} gxf6 {[%clk 01:10:48]} {[%emt 00:00:27]} 45. Qe4 {[%clk 00:56:15]}
{[%emt 00:01:15]} Bg3 {[%clk 01:10:33]} {[%emt 00:00:45]} 46. Rg1 {[%clk
00:56:29]} {[%emt 00:00:15]} Bf2 {[%clk 01:10:54]} {[%emt 00:00:09]} 47. Rh1
{[%clk 00:56:40]} {[%emt 00:00:19]} Bh7 {[%clk 01:11:13]} {[%emt 00:00:12]} 48.
Qxf3 {[%clk 00:56:52]} {[%emt 00:00:17]} Bd4 {[%clk 01:10:55]} {[%emt
00:00:48]} 49. Re1 {[%clk 00:56:09]} {[%emt 00:06:42]} Qg7 {[%clk 01:09:07]}
{[%emt 00:00:18]} 50. h4 {[%clk 00:55:52]} {[%emt 00:00:46]} Qg6 {[%clk
01:09:28]} {[%emt 00:00:10]} 51. h5 {[%clk 00:55:51]} {[%emt 00:00:30]} Qxc2+
{[%clk 01:09:48]} {[%emt 00:00:12]} 52. Ka2 {[%clk 00:56:01]} {[%emt 00:00:20]}
Qxb2# {[%emt 00:00:11]} 0-1